| 000 | 00813nam a2200253Ia 4500 | ||
|---|---|---|---|
| 005 | 20230613085503.0 | ||
| 008 | 131103s9999 xx 000 0 und d | ||
| 020 |
_a033341713 5 _c13.99 pds |
||
| 040 | _aLoreto College | ||
| 041 | _aEnglish | ||
| 082 |
_a940.5 _bPAR |
||
| 100 | _aParker,R.A.C. | ||
| 245 |
_aChamberlain and appeasement _b British policy and the coming of the second world war _cR.A.C.Parker |
||
| 260 |
_aNew York _bSt.Martin's Press _c1993 |
||
| 300 | _av,388 p. | ||
| 440 | _aThe Making of the 20th century | ||
| 504 | _aIncludes bibliographical references and index | ||
| 630 | _aGreat Britain - Modern History,20th century | ||
| 650 | _aEurope - Modern History,20th Century | ||
| 651 | _aWorld War II | ||
| 700 | _aWarner,Geoffrey,series ed. | ||
| 850 | _aLCLIB | ||
| 942 | _cBK | ||
| 999 |
_c4079 _d54558 |
||